Využívání komplexních případových studií při výchově finančních manažerů

Význam kvalitného vzdelania manažérov riešiacich náročné úlohy súčasnej doby. Využívanie komplexných prípadových štúdií pri výchove finančných manažérov. Komplexná prípadová štúdia v predmete finančný manažment - vstupné dáta, úlohy, hodnotenie výsledkov.

Salvato in:
Dettagli Bibliografici
Autore principale: Režňáková, Mária
Altri autori: Mašterová, Lucie
Natura: Capitolo di libro
Lingua:ceco
Soggetti:
Tags: Aggiungi Tag
Nessun Tag, puoi essere il primo ad aggiungerne!!

MARC

LEADER 00000naa$a2200000$$$4500
001 0045076
005 20221207085012.8
041 0 |a cze 
044 |a SK 
245 1 0 |a Využívání komplexních případových studií při výchově finančních manažerů  |c Mária Režňáková, Lucie Mašterová 
520 |a Význam kvalitného vzdelania manažérov riešiacich náročné úlohy súčasnej doby. Využívanie komplexných prípadových štúdií pri výchove finančných manažérov. Komplexná prípadová štúdia v predmete finančný manažment - vstupné dáta, úlohy, hodnotenie výsledkov. 
610 2 0 |a manažment finančný 
610 2 0 |a manažéri 
610 2 0 |a vzdelávanie 
610 2 0 |a výchova 
610 2 0 |a štúdie prípadové 
100 1 |a Režňáková, Mária 
700 1 |a Mašterová, Lucie